| 000 | 01230nam a22002895a 4500 | ||
|---|---|---|---|
| 003 | OSt | ||
| 005 | 20170313120021.0 | ||
| 008 | 160922s2010 ua frb 000 0 ara d | ||
| 015 | _22009 / 23842 | ||
| 020 | _a97897704620974 | ||
| 040 |
_aEG-ScBUE _bara _cEG-ScBUE _dEG-ScBUE |
||
| 043 |
_aawba--- _aawgz--- _af-ua--- |
||
| 082 | 0 | 4 |
_a342.5694088 _bق ن د _222 |
| 100 | 1 | _aقنديل، رائد صالح أحمد. | |
| 245 | 1 | 2 |
_aالرقابة على دستورية القوانين : _bدراسة مقارنة / _cرائد صالح أحمد قنديل. |
| 260 |
_aالقاهرة : _bدار النهضه العربية، _c2010. |
||
| 300 |
_a266 ص. ؛ _c24 سم. |
||
| 504 | _aيشتمل على إرجاعات ببليوجرافية. | ||
| 650 | 7 |
_aالرقابة القضائية على دستورية القوانين _zفلسطين. _2BUEsh _922137 |
|
| 650 | 7 |
_aالرقابة القضائية على دستورية القوانين _zمصر. _2BUEsh |
|
| 650 | 7 |
_aالقانون الدستوري _zفلسطين. _2BUEsh |
|
| 650 | 7 |
_aالقانون الدستوري _zمصر. _2BUEsh _941131 |
|
| 650 | 7 |
_aدستورية القوانين. _2BUEsh _922135 |
|
| 651 | _2BUEsh | ||
| 653 |
_bLLAAWW _cMarch2017 |
||
| 942 | _2ddc | ||
| 999 |
_c24399 _d24371 |
||